Statistics for Kung Fu Panda Quiz

Click here to take the quiz!

General Stats

  • This quiz has been taken 183 times
    (72 since last reset)
  • The average score is 15 of 24

Answer Stats

ClueAnswer% Correct
Voice actor of PoJack Black
93%
Members of the Furious FiveMonkey
93%
Members of the Furious FiveCrane
90%
Members of the Furious FiveMantis
89%
Members of the Furious FiveTigress
89%
Members of the Furious FiveViper
87%
What Po says before performing
the Wuxi Finger Hold
Skadoosh
79%
Tortoise masterOogway
77%
Animation company that
produced Kung Fu Panda
DreamWorks
75%
Sacred palace{Jade} Palace
74%
Type of animal Tai Lung isSnow Leopard
74%
Position Oogway chooses Po to holdDragon Warrior
69%
Animal Master Shifu isRed Panda
67%
Evil peacockLord Shen
64%
World where the kung fu masters
go to in the afterlife
{Spirit} Realm
59%
Voice actor of TigressAngelina Jolie
57%
Type of weapon Lord Shen developedCannon
56%
Former friend of Oogway who
comes back for revenge
Kai
52%
Type of flower Po's biological
parents named after
Lotus
43%
Po's goose fatherMr. Ping
41%
Voice actor of Master ShifuDustin Hoffman
39%
City once ruled by Lord ShenGongmen City
28%
Voice of Lord ShenGary Oldman
18%
Legion of golems controlled
by Kai
Jombies
13%

Score Distribution

Percentile by Number Answered

Percent of People with Each Score

Your Score History

You have not taken this quiz since the last reset